000 00300nam a22001337a 4500
008 171016b xxu||||| |||| 00| 0 eng d
020 _a9780136055488
041 _aeng
080 _29 ED
_a33
100 _a52
101 _aECO
245 _aCASE FAIR OSTER ECONOMICS
_cJAMES.O
942 _2udc
_cBK
999 _c34002
_d34002